000 00436nam a2200169Ia 4500
008 210210b1979 xxu||||| |||| 00| 0 eng d
041 _aeng
082 _a820.9 ALBH
100 _aALBERT (Edward).
245 _aHistory of english literature.Ed 5.
250 _a
260 _aN D
_bOxford University Press
_c1979
300 _a663
650 _aHistory English Literature
690 _aEnglish Literature History
906 _a041650
999 _c91368
_d91368